Paroles - générique Dragon Ball Z ( français ) - Statistiques

Statistiques générales
  • Ce quiz a été pris 459 fois
  • Le résultat moyen est 63 sur 120
Statistiques - réponses
Hint Réponse % Correct
le
89%
Le
89%
Son
80%
son
80%
a
79%
Générique Dragon ball Z
79%
Dragon Ball Z
79%
gentil
74%
Sangohan
72%
grand
70%
et
69%
héros
68%
Sangoku
68%
un
68%
les
67%
père
66%
vaillant
66%
était
61%
Que
60%
tous
60%
Combat
58%
méchants
57%
la
56%
avec
55%
monde
55%
nous
54%
bientôt
52%
de
52%
Il
50%
il
50%
esprit
49%
reste
49%
saura
47%
au
45%
coeur
45%
pouvoirs
41%
des
38%
sera
38%
force
37%
plus
34%
toujours
33%
savoir
32%
vainqueur
31%
notre
25%
est
24%
fort
18%
Terre
13%
C'est
12%
n'a
9%
ne
8%
peur
8%
deviendra
7%
jamais
7%
rien
7%
adversaire
4%
fera
4%
l'amitié
4%
l'homme
4%
malin
4%
rusé
4%
triompher
4%
aucun
3%
craint
3%
L'amour
3%
combattant
2%
valeureux
2%
Aucun quiz correspondant
Distribution des résultats
% des personnes avec chaque résultat
Percentile par nombre de réponses
Votre historique - résultats
Vous n’avez pas pris ce quiz